Obálka
Pro půjčování e-knih musíte být přihlášeni.
Jak si půjčit online?

Srdceboly /

„Svatební pochod mi vždy připomíná hudbu, která se hraje, když vojáci táhnou do boje,“ řekl lyrický básník Heinrich Heine a nevědomky tak s předstihem naprosto dokonale vystihl obsah knihy Srdceboly. Je to příběh o manželství, které začíná okázale se vší parádou a končí na bojišti, je to příběh plný...

Celý popis

Uloženo v:
Hlavní autor: Monyová, Simona (Autor)
Další autoři: Solaříková, Patricie (Autor)
Médium: E-audiokniha
Vydáno: Praha : BELAMI, 2026
Tagy:
Žádné tagy
LEADER 03216nim a22008057i 4500
001 313935
007 sr nunnnnnnned
044 |a xr 
100 1 |a  Monyová, Simona  |4 aut 
245 1 0 |a Srdceboly /  |c  Monyová, Simona 
264 1 |a Praha :  |b BELAMI,  |c 2026 
300 |a 1 online zdroj (4 hod., 14 min., 0 sek.) 
336 |a mluvené slovo  |b spw  |2 rdacontent 
337 |a audio  |b s  |2 rdamedia 
338 |a online zdroj  |b cr  |2 rdacarrier 
505 0 0 |t 00 (0 min., 15 sek.) 
505 0 0 |t 01 (13 min., 40 sek.) 
505 0 0 |t 02 (6 min., 32 sek.) 
505 0 0 |t 03 (5 min., 28 sek.) 
505 0 0 |t 04 (3 min., 38 sek.) 
505 0 0 |t 05 (10 min., 35 sek.) 
505 0 0 |t 06 (5 min., 37 sek.) 
505 0 0 |t 07 (3 min., 12 sek.) 
505 0 0 |t 08 (2 min., 50 sek.) 
505 0 0 |t 09 (5 min., 38 sek.) 
505 0 0 |t 10 (4 min., 1 sek.) 
505 0 0 |t 11 (3 min., 20 sek.) 
505 0 0 |t 12 (5 min., 50 sek.) 
505 0 0 |t 13 (3 min., 32 sek.) 
505 0 0 |t 14 (6 min., 39 sek.) 
505 0 0 |t 15 (4 min., 19 sek.) 
505 0 0 |t 16 (5 min., 56 sek.) 
505 0 0 |t 17 (4 min., 38 sek.) 
505 0 0 |t 18 (8 min., 19 sek.) 
505 0 0 |t 19 (2 min., 31 sek.) 
505 0 0 |t 20 (7 min., 58 sek.) 
505 0 0 |t 21 (5 min., 18 sek.) 
505 0 0 |t 22 (7 min., 13 sek.) 
505 0 0 |t 23 (3 min., 15 sek.) 
505 0 0 |t 24 (4 min., 51 sek.) 
505 0 0 |t 25 (2 min., 46 sek.) 
505 0 0 |t 26 (2 min., 29 sek.) 
505 0 0 |t 27 (5 min., 44 sek.) 
505 0 0 |t 28 (4 min., 25 sek.) 
505 0 0 |t 29 (5 min., 20 sek.) 
505 0 0 |t 30 (2 min., 24 sek.) 
505 0 0 |t 31 (7 min., 8 sek.) 
505 0 0 |t 32 (4 min., 21 sek.) 
505 0 0 |t 33 (9 min., 2 sek.) 
505 0 0 |t 34 (5 min., 19 sek.) 
505 0 0 |t 35 (2 min., 44 sek.) 
505 0 0 |t 36 (3 min., 4 sek.) 
505 0 0 |t 37 (4 min., 55 sek.) 
505 0 0 |t 38 (2 min., 15 sek.) 
505 0 0 |t 39_1 (12 min., 17 sek.) 
505 0 0 |t 39_2 (5 min., 10 sek.) 
505 0 0 |t 40 (2 min., 24 sek.) 
505 0 0 |t 41 (3 min., 15 sek.) 
505 0 0 |t 42 (6 min., 35 sek.) 
505 0 0 |t 43 (3 min., 55 sek.) 
505 0 0 |t 44 (9 min., 8 sek.) 
505 0 0 |t 45 (4 min., 17 sek.) 
505 0 0 |t 46 (4 min., 5 sek.) 
505 0 0 |t 47 (5 min., 50 sek.) 
520 2 |a „Svatební pochod mi vždy připomíná hudbu, která se hraje, když vojáci táhnou do boje,“ řekl lyrický básník Heinrich Heine a nevědomky tak s předstihem naprosto dokonale vystihl obsah knihy Srdceboly. Je to příběh o manželství, které začíná okázale se vší parádou a končí na bojišti, je to příběh plný vášně, intrik, touhy, žárlivosti, sexu, paniky ze stárnutí, osobní nezralosti, lží a pomstychtivosti. Je to příběh pro všechny z Vás, kteří už vědí, že manželství není souboj. V souboji se totiž dá vyhrát. 
700 1 |a  Solaříková, Patricie  |4 nrt 
910 |a RBIT002 
998 |d 427941  |a https://core.palmknihy.cz/api/books/427941/cover?th3das  |b https://core.palmknihy.cz/api/books/427941/cover/400?th3das  |c https://core.palmknihy.cz/api/books/427941/cover/50?th3das  |e 2159-12-31  |i 9990004279414  |l 15240  |q 49  |r 1  |s https://www.palmknihy.cz/kniha/427941  |t audiobook  |y 2026  |z 1 
999 |d 313933